000 00337 a2200097 4500
245 0 0 _aRezonatory kwarcowe - Zarys i wymiary obudowy typu EB PN-80/T-80400.09 /
_cMin. Przem. Maszynowego.
246 1 3 _aPN-80/T-80400.09
246 1 3 _a621.372.41:621.38.04
260 _aWarszawa :
_bMin. Przem. Maszynowego,
_c1980.
300 _a1 stron ;
_c30 cm.
650 _aPolska norma
999 _c19406
_d19406